| 000 | 00677nam a2200229 i 4500 | ||
|---|---|---|---|
| 003 | URS | ||
| 005 | 20230817142249.0 | ||
| 008 | 181207s ph ||||| |||| 00| 0 eng d | ||
| 040 | _cURS | ||
| 050 | 1 | 4 |
_aLB15 _b.V66 |
| 100 | 1 |
_aVicente, Corazon C. _eauthor |
|
| 245 | 1 | 0 | _aSpeaking, reading and writing for the technical man (english for science and technology) / |
| 264 | 1 | _aPhilippines : | |
| 300 |
_axi, 282 p. _bcol. ill.; 22 cm. |
||
| 336 |
_atext _btxt _2rdacontent |
||
| 337 |
_aunmediated _bn _2rdamedia |
||
| 338 |
_avolume _bnc _2rdacarrier |
||
| 650 | _aEnglish | ||
| 700 | 1 |
_aSoria, Wenceslawa B. _eauthor |
|
| 700 | 1 |
_aMogol, Ernani S. _eauthor |
|
| 942 |
_cR _2lcc |
||
| 999 |
_c72732 _d72731 |
||